00239nam a2200109Ia 4500008004100000245003500041260001600076440000600092521000700098942000700105999001700112140130s9999 xx 000 0 und d cClummings, PataShoveling snow bScholastic, v1 aBR cBK c41552d41552